Yahoo!Japanのトップページ左側 - Statistics

General Stats
  • This quiz has been taken 133 times
  • The average score is 7 of 40
Answer Stats
Answer % Correct
ニュース
64%
ショッピング
51%
知恵袋
43%
ヤフオク!
42%
ゲーム
42%
占い
37%
ファイナンス
34%
地図
30%
トラベル
25%
スポーツナビ
25%
テレビ
22%
路線情報
20%
天気・災害
14%
GYAO!
14%
一休.com
13%
PayPayフリマ
12%
映画
11%
不動産
11%
カレンダ
11%
LOHACO
11%
ZOZOTOWN
11%
出前館
9%
クラシル
9%
自動車
9%
一休.comレストラン
9%
LINE MUSIC
9%
ebookjapan
8%
PayPayモール
8%
スタンバイ
7%
プレミアム
7%
PayPayカード
7%
Retty
7%
Yahoo!モバゲー
7%
toto
6%
公金支払い
5%
ズバトク
4%
mybest
4%
TRILL
4%
クラウドソーシング
3%
BEAUTY
3%
No matching quizzes found
Score Distribution
Percent of People with Each Score
Percentile by Number Answered
Your Score History
You have not taken this quiz